000
00312nam a2200157Ia 4500
008
230605s2007 xx 000 0 und d
041
_a
eng
100
_a
Disoza
245
_a
Shikshan vichar
260
_c
2007
300
_a
466
365
_b
350
500
_a
1882
520
_a
Misc
650
_a
G.SKILL
999
_c
418763
_d
418763